000 00738nam a2200205 a 4500
008 120620s2004 ||||||||||||||||| || u
020 _a0766815463
050 _aNA 2700 Jef
100 _aJefferis, Alan
245 1 0 _aArchitectural drafting & design. (4th ed.)
_cby Alan Jefferis; David A. Madsen
250 _a4th ed.
260 _aAlbany, NY:
_bDelmar
_c2004
300 _axix, 954 p.: ill.
350 _a0.00
490 _aDelmar drafting series
650 0 _aARCHITECTURAL DRAWING
650 0 _aARCHITECTS--UNITED STATES--REGISTERS
700 _aMadsen, David A
995 _FCBU-MAIN LIBRARY (Kitwe)
_I0.00
_M1
_UAVAILABLE
_WJun 20, 2012
_ZMain Library Open Access Collection
999 _c34742
_d34742